| 000 | 00831cam a22002414a 4500 | ||
|---|---|---|---|
| 001 | 13250597 | ||
| 005 | 20240227052953.0 | ||
| 008 | 030624s2000 ci a bs 100 0 hrv | ||
| 020 | _a9536860023 | ||
| 040 |
_aDLC _cDLC _dDLC |
||
| 082 |
_222 _a323.33. _bZEN. |
||
| 245 | 1 | 0 |
_aSeminar "Žene i politika: feminizmi na istočni način" : _bdokumentacija, Dubrovnik, 17.-21. 5. 2000 = Seminar "Women and Politics: Feminisms with an Eastern Touch" : documentation, Dubrovnik, 17-21, 5 2000 / [urednice Đurda Knežević, Koraljka Dolić, Anne Dabb]. |
| 260 |
_aZagreb : _bŽenska infoteka, _c2000. |
||
| 300 | _a287 p. : | ||
| 650 | 0 | _aWomen | |
| 650 | 0 | _aWomen | |
| 650 | 0 | _aFeminism | |
| 650 | 0 | _aFeminism | |
| 700 | 1 |
_aKnežević, Đurđa. _eedt |
|
| 700 | 1 |
_aDilić, Koraljka. _eedt |
|
| 700 | 1 |
_aDabb, Anne. _eedt |
|
| 942 | _cL | ||
| 999 |
_c502 _d502 |
||